| 000 | 01176nam a2200265 a 4500 | ||
|---|---|---|---|
| 001 | 000016679 | ||
| 005 | 20240229073831.0 | ||
| 008 | 100309s1986 dr acd r 000 0 spa d | ||
| 040 |
_aDO-SdBNP _bspa _cBNPHU |
||
| 082 |
_a371.822 _bH557e |
||
| 100 | 1 |
_aHernández, Ángela, _d1954- _92564 |
|
| 245 | 1 | 0 |
_aEmergencia del silencio : _bla mujer dominicana en la educación formal / _cAngela Hernández ; prólogo Víctor Hugo de Láncer. |
| 260 |
_aSanto Domingo : _bUniversitaria, _c1986. |
||
| 300 |
_a298 p. : _bil., gráfcs., retrs. ; _c22 cm. |
||
| 490 | 1 |
_aPublicaciones de la Universidad Autónoma de Santo Domingo _v538 |
|
| 490 | 1 |
_aEducación y sociedad _v30 |
|
| 504 | _aIncluye referencias bibliográficas y notas al pie de páginas. | ||
| 590 | _aInventariado, 2018/BT | ||
| 650 | 4 |
_aEducación de la mujer _zRepública Dominicana _98402 |
|
| 650 | 0 |
_aMujeres en República Dominicana _92066 |
|
| 650 | 4 |
_aDiscriminación sexual en la educación _97619 |
|
| 700 | 1 |
_aLáncer, Víctor Hugo de, _epról. _937027 |
|
| 830 | 0 |
_aPublicaciones de la Universidad Autónoma de Santo Domingo _n538 _pEducación social _n30 _937028 |
|
| 910 | _aValidado. Control de calidad. EMS | ||
| 999 |
_c16212 _d16212 |
||